[Event "Challenge"]
[Site "http://www.queenalice.com/game.php?id=1847290"]
[Date "2024.11.17"]
[Round "-"]
[White "Renie"]
[Black "JoseMessias"]
[Result "0-1"]
[WhiteElo "1397"]
[BlackElo "1594"]

1. c4 c5 2. g3 d5 3. cxd5 Qxd5 4. Nf3 Bg4 5. Bg2 Nh6 6. Nc3 Qc6 7. Qc2 Nd7 8.
O-O e5 9. b3 Nf6 10. Nxe5 Qe6 11. Nb5 Qxe5 12. Bb2 Qe6 13. Nc7+ Ke7 14. Nxe6
Bxe6 15. Qxc5+ Ke8 16. Qb5+ Bd7 17. Qxb7 Rc8 18. e3 Bd6 19. Rac1 Rd8 20. e4 Rb8
21. Qxa7 Nhg4 22. h3 Ne5 23. Bxe5 Bxe5 24. f4 Ke7 25. Qa3+ Bd6 26. Qb2 Nh5 27.
e5 Bb4 28. Bf3 Nxg3 29. Rfe1 Rbd8 30. Kg2 Nf5 31. Rc7 Ba5 32. b4 Bxc7 33. b5
Nh4+ 34. Kg3 Nf5+ 35. Kf2 Bb6+ 36. Kg2 Nd4 37. Re3 Be6 38. Bg4 Bxg4 39. hxg4 h5
0-1

[Event "Challenge"]
[Site "http://www.queenalice.com/game.php?id=1847291"]
[Date "2024.11.17"]
[Round "-"]
[White "Renie"]
[Black "Wilson"]
[Result "0-1"]
[WhiteElo "1451"]
[BlackElo "1548"]

1. c4 e5 2. Nc3 d6 3. g3 Nf6 4. d3 Be7 5. Bg2 O-O 6. e3 c6 7. Ne4 Ng4 8. Bf3 h5
9. d4 d5 10. cxd5 cxd5 11. Nc3 e4 12. Bg2 Bb4 13. a3 Ba5 14. b4 Bb6 15. Qb3 Be6
16. b5 a6 17. a4 axb5 18. Nxb5 Nc6 19. Ba3 Ba5+ 20. Ke2 Bb6 21. Nd6 Na5 22. Nxb7
Nxb7 23. Bxf8 Na5 24. Qb4 Nc6 25. Qb3 Na5 26. Qb5 Kxf8 27. Rc1 Nf6 28. Qb4+ Kg8
29. f3 Bc7 30. fxe4 Bd6 31. Qd2 Nb3 32. Qd1 Nxc1+ 33. Qxc1 Rxa4 34. Qc2 Qa5 35.
e5 Ra2 36. Qxa2 Qxa2+ 37. Kf1 Qc4+ 38. Ne2 Bg4 39. h3 Qxe2+ 40. Kg1 Bf3 41. Bxf3
Qxf3 0-1

[Event "Challenge"]
[Site "http://www.queenalice.com/game.php?id=1847292"]
[Date "2024.11.17"]
[Round "-"]
[White "Renie"]
[Black "ajr"]
[Result "1-0"]
[WhiteElo "1382"]
[BlackElo "1543"]

1. c4 e5 2. Nc3 Nf6 3. d3 Bb4 4. Bd2 Bxc3 5. Bxc3 d6 6. g3 Nc6 7. Bg2 O-O 8. e3
Bg4 9. Qb3 b6 10. Bxc6 Rb8 11. h3 Bd7 12. Bxd7 Qxd7 13. Ne2 Qc6 14. e4 Nd7 15.
Qc2 a5 16. Bd2 h6 17. d4 f6 18. d5 Qc5 19. O-O h5 20. Qa4 Rf7 21. Be3 Qb4 22.
Qb3 Qxb3 23. axb3 Nc5 24. Rfd1 Nxb3 25. Ra3 Nc5 26. Bd2 Nxe4 27. Be1 f5 28. Rf3
Rc8 29. Rfd3 f4 30. gxf4 exf4 31. Rf3 g5 32. Nd4 g4 33. hxg4 hxg4 34. Ra3 Ng5
35. Bc3 Nh3+ 36. Kh2 Nxf2 37. Rf1 g3+ 38. Kg2 Ng4 39. Bd2 Rcf8 40. Raf3 Ne3+ 41.
Bxe3 fxe3 42. Ne6 Rxf3 43. Rxf3 Rxf3 44. Kxf3 Kf7 45. Nd4 Kf6 46. Kxg3 Ke5 47.
Ne2 Ke4 48. Kg2 Kd3 49. Kf1 Kxc4 50. Nc3 b5 51. Ke2 b4 52. Nd1 Kxd5 53. Kxe3 Kc4
54. Kd2 d5 55. Ne3+ Kd4 56. b3 c5 57. Nf5+ Ke5 58. Ne3 d4 59. Nc4+ Kd5 60. Nxa5
Ke4 61. Nc4 d3 62. Nd6+ Ke5 63. Nc4+ Kd4 64. Nb2 c4 65. Nxc4 Ke4 66. Nb2 Kd4 67.
Nxd3 1-0

[Event "Challenge"]
[Site "http://www.queenalice.com/game.php?id=1849759"]
[Date "2025.1.4"]
[Round "-"]
[White "Renie"]
[Black "Rocio"]
[Result "1-0"]
[WhiteElo "1439"]
[BlackElo "1463"]

1. c4 e5 2. Nc3 a6 3. a3 Bc5 4. Nf3 Nf6 5. Nxe5 O-O 6. e3 d6 7. Nd3 Bb6 8. g3
Bg4 9. Be2 Bf5 10. O-O Bh3 11. Re1 Nbd7 12. Bf3 h6 13. Bxb7 Rb8 14. Bxa6 c6 15.
b4 Nh5 16. Qxh5 Be6 17. c5 Nf6 18. Qf3 Ra8 19. cxb6 Rxa6 20. b7 Rb6 21. Bb2 Rxb7
22. Qxc6 Rc7 23. Qg2 d5 24. Nb5 Rc2 25. Bc3 Qb8 26. Nd4 Bg4 27. Nxc2 Qc8 28. Nf4
Nh7 29. Qxd5 Rd8 30. Qc5 Qd7 31. Bd4 Rc8 32. Qe5 Kf8 33. Qxg7+ Ke7 34. Qxh7 Kd6
35. Qxh6+ Kc7 36. Qb6# 1-0

[Event "Challenge"]
[Site "http://www.queenalice.com/game.php?id=1851622"]
[Date "2025.2.5"]
[Round "-"]
[White "Renie"]
[Black "Givanildo"]
[Result "1-0"]
[WhiteElo "1456"]
[BlackElo "1713"]

1. c4 d5 2. cxd5 Qxd5 3. Nc3 Qf5 4. e4 Qg5 5. d3 Qa5 6. a3 c6 7. b4 Qe5 8. Bb2
Nh6 9. Rb1 Bg4 10. f3 Bh5 11. Na4 Qc7 12. d4 e6 13. Nc3 Nd7 14. Nh3 O-O-O 15.
Qa4 Nb6 16. Qxa7 Kd7 17. Qa5 Ra8 18. Qxh5 g6 19. Qg5 Be7 20. Qxh6 f6 21. Qe3
Rad8 22. Bd3 Kc8 23. Nf4 Rd6 24. Rc1 e5 25. dxe5 fxe5 26. Nfe2 h6 27. O-O Bg5
28. f4 exf4 29. Qh3+ Kb8 30. Na2 Rf8 31. Be5 Qe7 32. Bxd6+ Qxd6 33. Rc2 f3 34.
Rxf3 Rd8 35. Rc5 Qe6 36. Qxe6 Rd7 37. Qxg6 Nc8 38. Qe8 Rd8 39. Qe5+ Nd6 40. Kh1
Kc7 41. Nac3 Kb6 42. Na4+ Kc7 43. Nd4 Kb8 44. Ne6 Rd7 45. Qh8+ Nc8 46. Nb6 Ka7
47. Nxc8+ Kb8 48. Nb6+ Ka7 49. Nxd7 b6 50. Rxc6 b5 51. Qb8# 1-0

[Event "Challenge"]
[Site "http://www.queenalice.com/game.php?id=1855063"]
[Date "2025.4.6"]
[Round "-"]
[White "Renie"]
[Black "Carlos19"]
[Result "0-1"]
[WhiteElo "1442"]
[BlackElo "1496"]

1. c4 e5 2. Nc3 Qh4 3. d3 Bb4 4. g3 Qf6 5. Bd2 Bc5 6. e3 d6 7. a3 Nh6 8. Be2 Nc6
9. Nd5 Qd8 10. Qa4 Bd7 11. e4 f5 12. Bh5+ Nf7 13. exf5 Bxf5 14. Qb3 g6 15. Bf3
Nd4 16. Qc3 c6 17. Ne3 Nxf3+ 18. Nxf3 e4 19. dxe4 Bxe4 20. Ke2 d5 21. Rhd1 O-O
22. Ng4 d4 23. Nxd4 Bxd4 24. Qb3 Qb6 25. Qa2 Bxb2 26. Nf6+ Kg7 27. Nd7 Qd8 28.
Qxb2+ Kg8 29. Nf6+ Kh8 30. Nxe4+ Kg8 31. Bc1 Qe7 32. f3 Ne5 33. Qc3 Rxf3 34. Be3
a6 35. Ng5 Rf5 36. h4 h6 37. Ne4 Ng4 38. Rd4 Rd8 39. Bc1 Nf2 40. Qe3 Rxd4 41.
Nxf2 Qxe3+ 42. Bxe3 Rxc4 43. Bxh6 Re5+ 44. Kf1 Ra5 45. Bd2 Rd5 46. Bg5 Rdc5 47.
Nd3 Rf5+ 48. Kg2 Rc2+ 49. Kh3 Rc3 50. Nf4 Kg7 51. a4 b5 52. axb5 axb5 53. Ra7+
Rf7 54. Ne6+ Kg8 55. Bh6 Rxa7 56. Bf8 Kf7 57. Bc5 Ra1 58. Ng5+ Kg8 59. Bd4 Rh1+
60. Kg4 Rc4 61. Nf3 c5 62. h5 gxh5+ 63. Kf4 b4 64. Ke5 cxd4 65. Nxd4 Rd1 66. Nb3
Rc3 67. Na5 Rc5+ 0-1

[Event "Challenge"]
[Site "http://www.queenalice.com/game.php?id=1855212"]
[Date "2025.4.9"]
[Round "-"]
[White "Renie"]
[Black "alterego"]
[Result "0-1"]
[WhiteElo "1469"]
[BlackElo "1485"]

1. c4 g6 2. Nc3 Bg7 3. e4 a6 4. d4 e6 5. Nf3 Ne7 6. e5 c6 7. Qb3 O-O 8. Qa3 b5
9. c5 d5 10. cxd6 Nf5 11. g3 Nd7 12. Ne4 Qb6 13. Be3 Nxe3 14. Qxe3 Qa5+ 15. Ke2
f5 16. Neg5 f4 17. gxf4 Qb4 18. b3 Qa3 19. Bg2 Nb6 20. Qe4 Nd5 21. Nd2 Nc3+ 22.
Ke3 Nxe4 23. Bxe4 Ra7 24. Bxc6 Qb4 25. Rhc1 Bd7 26. Bg2 Rf5 27. Rc2 Bxe5 28.
Rac1 Qxd4+ 29. Ke2 Qxf4 30. Ngf3 Qg4 31. Kf1 Bxd6 32. h3 Qh5 33. Ne4 Ra8 34.
Nxd6 Raf8 35. Nxf5 exf5 36. Ne5 Be6 37. Kg1 f4 38. Nf3 Bxh3 39. Rc3 Bxg2 40. Nh2
Qg5 41. Rc7 Bh3+ 0-1

[Event "Challenge"]
[Site "http://www.queenalice.com/game.php?id=1857188"]
[Date "2025.5.13"]
[Round "-"]
[White "Renie"]
[Black "zmanomega"]
[Result "0-1"]
[WhiteElo "1420"]
[BlackElo "1610"]

1. c4 e5 2. Nc3 c6 3. a3 Qf6 4. Ne4 Qf5 5. d3 a6 6. g3 b6 7. Bh3 Qg6 8. Qb3 b5
9. Nf3 Be7 10. O-O f6 11. cxb5 axb5 12. Nh4 Qf7 13. Qc2 Na6 14. Bd2 Bb7 15. Bb4
O-O-O 16. Nd6+ Bxd6 17. Bd2 Ne7 18. e3 Qd5 19. Bg2 Qf7 20. d4 g6 21. Ba5 Nc7 22.
a4 exd4 23. exd4 g5 24. Nf3 h5 25. axb5 cxb5 26. Qe2 Ba6 27. Rac1 Nc6 28. Bxc7
Bxc7 29. Ra1 Kb7 30. Qc2 d5 31. Rfc1 Rd6 32. Nd2 g4 33. Qb1 Nxd4 34. Bf1 Ra8 35.
Re1 f5 36. Ra3 h4 37. Bd3 hxg3 38. f3 gxh2+ 39. Kxh2 Rh6+ 40. Kg2 Rh2+ 41. Kf1
Rxd2 42. f4 Qh5 43. Be2 Nxe2 44. Kf2 Bb6+ 45. Re3 Qh2+ 0-1

[Event "Challenge"]
[Site "http://www.queenalice.com/game.php?id=1857644"]
[Date "2025.5.21"]
[Round "-"]
[White "Renie"]
[Black "crisvolei"]
[Result "0-1"]
[WhiteElo "1454"]
[BlackElo "1551"]

1. c4 e5 2. Nc3 c6 3. a3 a5 4. b3 Bc5 5. e3 Nh6 6. Bb2 d5 7. Nce2 Qf6 8. Nf3 d4
9. exd4 exd4 10. Nfxd4 Ng4 11. d3 Qxf2+ 12. Kd2 Qe3+ 13. Kc2 Nf2 14. Nf5 Bxf5
15. Qd2 Qxd2+ 16. Kb1 Nxh1 17. Bxg7 Bxd3# 0-1

[Event "Challenge"]
[Site "http://www.queenalice.com/game.php?id=1858648"]
[Date "2025.6.11"]
[Round "-"]
[White "Renie"]
[Black "mdfran72"]
[Result "1-0"]
[WhiteElo "1412"]
[BlackElo "1648"]

1. c4 c5 2. Nc3 e6 3. g3 d5 4. cxd5 exd5 5. Bg2 Ne7 6. d3 d4 7. Ne4 Nd5 8. Qb3
b6 9. Nd2 Be6 10. Qb5+ Qd7 11. Qxd7+ Nxd7 12. Nb3 O-O-O 13. a4 Nb4 14. Rb1 Bxb3
15. Nf3 Nc2+ 16. Kf1 Ba2 17. Nd2 Bxb1 18. Nxb1 Nb4 19. Na3 a6 20. Bf4 f6 21. Nc4
g5 22. Bd6 Ne5 23. Nxb6# 1-0

[Event "Challenge"]
[Site "http://www.queenalice.com/game.php?id=1858665"]
[Date "2025.6.12"]
[Round "-"]
[White "Renie"]
[Black "altair"]
[Result "0-1"]
[WhiteElo "1437"]
[BlackElo "1826"]

1. c4 e5 2. Nc3 d6 3. a3 Be7 4. d3 h6 5. g3 Bd7 6. Bg2 a6 7. Bxb7 Ra7 8. Bg2 Nf6
9. Nd5 Nxd5 10. Bxd5 c6 11. Bf3 O-O 12. b4 Bf6 13. Bb2 c5 14. b5 axb5 15. cxb5
Bxb5 16. Bd5 Nd7 17. e3 Nb6 18. Ba2 Na4 19. Qb3 Qd7 20. Ne2 Rb8 21. Rd1 Rbb7 22.
Rb1 Bc6 23. Qxb7 Rxb7 24. Rg1 Nxb2 25. Kd2 Nc4+ 26. Kc3 Nxa3 27. Rxb7 Qxb7 28.
Rd1 Qb4# 0-1

[Event "Challenge"]
[Site "http://www.queenalice.com/game.php?id=1859834"]
[Date "2025.7.11"]
[Round "-"]
[White "Renie"]
[Black "caradepau"]
[Result "1-0"]
[WhiteElo "1462"]
[BlackElo "1671"]

1. c4 e5 2. Nc3 a6 3. e3 Bc5 4. a3 d6 5. g3 Nf6 6. Bg2 Qd7 7. b4 Ba7 8. Bb2 O-O
9. Ne4 Nxe4 10. Bxe4 Nc6 11. Nf3 h6 12. Bb1 Qh3 13. Qc2 Bf5 14. Qxf5 Qxf5 15.
Bxf5 b5 16. cxb5 axb5 17. Bd7 Nb8 18. Bf5 Rd8 19. d4 exd4 20. Nxd4 Bxd4 21. Bxd4
c5 22. bxc5 dxc5 23. Bxc5 Nc6 24. Be4 Ra6 25. O-O Na5 26. Rfb1 Nc4 27. Bb7 Re6
28. Rxb5 Nd6 29. Bxd6 Rdxd6 30. Rc1 Rb6 31. Rxb6 Rxb6 32. Bd5 Ra6 33. Be4 Rxa3
34. Rc8# 1-0

[Event "Challenge"]
[Site "http://www.queenalice.com/game.php?id=1860584"]
[Date "2025.7.26"]
[Round "-"]
[White "Renie"]
[Black "zmanomega"]
[Result "1-0"]
[WhiteElo "1486"]
[BlackElo "1698"]

1. c4 e5 2. Nc3 c6 3. a3 Qf6 4. Ne4 Qe6 5. d3 h6 6. b4 Nf6 7. Bb2 Ng4 8. Nf3 f6
9. h3 Nxf2 10. Kxf2 d5 11. cxd5 cxd5 12. Nc5 Bxc5+ 13. bxc5 Nc6 14. e3 b5 15. d4
e4 16. Nd2 a6 17. Qh5+ Kd7 18. Qg6 Rg8 19. Be2 Bb7 20. Bh5 Raf8 21. Bg4 f5 22.
Bh5 Ne7 23. Qg3 g6 24. Be2 g5 25. Nb3 Ng6 26. Rac1 Bc6 27. Bh5 f4 28. Qh2 fxe3+
29. Kxe3 Nf4 30. Bg4 Rf5 31. Bxf5 Qxf5 32. g3 Ne6 33. Rcf1 Qg6 34. Rf2 Rg7 35.
Rhf1 Ke7 36. Rf5 Kd7 37. Rf6 Qe8 38. g4 Nf4 39. Rd6+ Kc7 40. Qd2 Kc8 41. Qa5 Bb7
42. Rxh6 Rg6 43. Rh7 Kb8 44. Qc7+ 1-0

[Event "Challenge"]
[Site "http://www.queenalice.com/game.php?id=1860585"]
[Date "2025.7.26"]
[Round "-"]
[White "Renie"]
[Black "alterego"]
[Result "0-1"]
[WhiteElo "1474"]
[BlackElo "1584"]

1. c4 g6 2. Nc3 Bg7 3. g3 a6 4. e3 Nf6 5. b4 O-O 6. Bb2 d6 7. Bg2 Bg4 8. Bf3
Bxf3 9. Qxf3 Nbd7 10. Qxb7 Nb6 11. d3 Qd7 12. Qg2 Qg4 13. h3 Qf5 14. e4 Qe5 15.
Rd1 a5 16. Rd2 axb4 17. Nd5 Qe6 18. Nxc7 Qc8 19. Nxa8 Qxa8 20. Bd4 Qa6 21. c5
Qa3 22. Ke2 dxc5 23. Bxc5 Qa5 24. Bxe7 Re8 25. Bxf6 Bxf6 26. d4 Qb5+ 27. Kd1 Nc4
28. Re2 Qa4+ 29. Ke1 Bxd4 30. Nf3 Bc3+ 31. Nd2 Qxa2 32. Qf3 Qa1# 0-1

[Event "Challenge"]
[Site "http://www.queenalice.com/game.php?id=1862260"]
[Date "2025.8.30"]
[Round "-"]
[White "Renie"]
[Black "mdfran72"]
[Result "0-1"]
[WhiteElo "1510"]
[BlackElo "1666"]

1. c4 g6 2. Nc3 Bg7 3. g3 Nh6 4. Bg2 O-O 5. c5 c6 6. e3 e5 7. Ne4 Na6 8. Nd6
Nxc5 9. Qc2 b6 10. Ne4 Nxe4 11. Bxe4 d5 12. Bg2 Bd7 13. Rb1 e4 14. Ne2 Qf6 15.
O-O Ng4 16. b3 b5 17. Bb2 Qd6 18. h3 Nf6 19. Qc1 a5 20. Ba3 b4 21. Bb2 a4 22.
Qc2 a3 23. Bxf6 Qxf6 24. Nd4 h5 25. d3 exd3 26. Qxd3 Rab8 27. Rfd1 Rfe8 28. Rbc1
Rec8 29. e4 Qxd4 30. Qxd4 Bxd4 31. Rxd4 Be6 32. exd5 cxd5 33. Rcd1 Rd8 34. Bxd5
Bxd5 35. Rxd5 Rxd5 36. Rxd5 f5 37. h4 Kf7 38. f4 Ke6 39. Re5+ Kd6 40. Re2 Kc5
41. Re6 Rb6 42. Re5+ Kd4 43. Re2 Kc3 44. Kg2 Rd6 45. Kh3 Rd2 46. Re6 Rxa2 47.
Rxg6 Rb2 48. Rg5 a2 49. Rxf5 a1=Q 50. Rxh5 Qh1+ 51. Kg4 Qd1+ 52. Kg5 Qd5+ 53.
Kg4 Qg8+ 54. Rg5 Qxb3 55. Rc5+ Kd4 56. Rc8 Rc2 57. Rg8 Qxg8+ 0-1